000 01018cam a2200277 i 4500
001 119727
005 20230410123626.0
008 150519s2012 sp r 000 0 spa d
020 _a9788425915468
020 _a8425915465
041 0 _aspa
050 1 4 _aKKT 2101
_bV722b 2012
082 0 0 _a342.46
100 1 _aVillarroya, Joaquín Tomás.
245 1 0 _aBreve historia del constitucionalismo español /
_cJoaquín Tomás Villaroya.
250 _a13a ed.
260 _aMadrid :
_bCentro de Estudios Políticos y Constitucionales,
_c2012
300 _a162 p. ;
_c22 cm.
440 0 _aEstudios políticos
505 0 _aLa constitución de 1812 -- El estatuto real de 1834 -- La constitucion de 1837 -- La constitución de 1845 -- La constitución de 1869 -- La constitución de 1876 -- La constitución de 1931 -- Las leyes fundamentales.
650 0 _aConstitutional history
_zSpain.
651 4 _aEspaña
_zDerecho constitucional
_xHistoria.
650 4 _a20150700
942 _2lcc
_cbk
946 _aJaaM
999 _c65114
_d65114